Coś na ścianie - Statystyki

Ogólne statystyki
  • Ten quiz został rozwiązany 13 razy
    10 od ostatniego zresetowania
  • Średni wynik to 3 z 15
Statystyki odpowiedzi
Odpowiedź % Poprawnych
obraz
89%
farba
56%
tapeta
44%
plakat
33%
telewizor
33%
krzyż
22%
godło
11%
kinkiet
11%
tablica
11%
gniazdko
0%
kaloryfer
0%
meble
0%
pajęczyna
0%
płochodnia
0%
rysunki dzieci
0%
Nie znaleziono quizów pasujących do podanych kryteriów
Rozkład punktacji
Procent ludzi z każdym wynikiem
Percentyl według liczby udzielonych odpowiedzi
Twoja historia wyników
Nie rozwiązałeś tego quizu od ostatniego zresetowania